000 00727nam a2200289Ia 4500
005 20260324120024.0
008 008 260324s9999 xx 000 0 eng d
020 _a9781315571140
037 _aEBOOK
040 _aCRL
040 _beng
040 _cCRL
041 _2eng
041 _aeng
084 _qCRL
100 _aJ.R. Mulryne; Maria Ines Aliverti; Anna Maria Testaverde
_91156925
245 0 _aCeremonial Entries in Early Modern Europe
245 4 _bThe Iconography of Power
260 _bTaylor and Francis
260 _c2015
365 _a
365 _b240
856 _uhttp://www.taylorfrancis.com/books/9781315571140
942 _cEBOOK
999 _c1748216
_d1748216